| 000 | 01253cam a22002775a 4500 | ||
|---|---|---|---|
| 001 | L149389 | ||
| 002 | 17583 | ||
| 008 | 100301s2009 xxk f 001 0 eng d | ||
| 020 | _a9780415469043 | ||
| 035 | _a(Sirsi) u149389 | ||
| 041 | 0 | _aeng | |
| 050 | 0 | 4 | _a692.5 $1 8 |
| 100 | 1 | _aSpain, Bryan | |
| 245 | 0 | 0 |
_aSpon's estimating costs guide to electrical works _bunit rates and project costs |
| 250 | _a4th ed. | ||
| 260 |
_aWiltshire _bTaylor and Francis _c2009 |
||
| 300 |
_ax, 286p. _c22cm. |
||
| 350 | _a29.99 | ||
| 505 | 2 | _aIntroduction -- Part one: unit rates -- Part two: project costs -- Part three: business matters -- Part four: general construction data. | |
| 520 | _aThis book is written for contractors and small businesses carrying out small works. It provides unit rates for items with costed examples of new electrical work. Includes information and rates broken down into labour, material overheads and profit for residential, retail and light industrial premises. Gives advice on setting up and running a business, taxation, VAT and book- keeping. | ||
| 520 | _aSupersedes third edition (ISBN 0415386144) | ||
| 521 | _aAdvanced | ||
| 651 | 4 |
_aUnited Kingdom _y |
|
| 690 | _aBUILT ENVIRONMENT-BUILDING COSTS | ||
| 942 | _n0 | ||
| 999 |
_c110479 _d110479 |
||